Culture précise - Hitler et le troisième Reich - Statistiques

Statistiques générales
  • Ce quiz a été pris 384 fois
    350 depuis la dernière actualisation
  • Le résultat moyen est 6 sur 10
Statistiques - réponses
Hint Réponse % Correct
Dans quel pays est né Hitler ? Autriche
97%
Combien de fois Hitler se fait refusé les Beaux-Arts ? 2
96%
En quelle année devient il chancelier ? 1933
95%
Quel ouvrage a-t-il écrit en prison ? Mein Kampf
92%
Quelle opération lance-t-il contre URSS en 1941 ? Barbarossa
63%
Quel parti a-t-il créé en 1920 ? NSDAP
62%
Qui était sa maîtresse ? Eva Braun
50%
Qui remplace-t-il dans le rôle de président en 1934 ? Von Hindenburg
31%
A combien d'attentats a-t-il survécu ? 42
24%
Comment était appelé sa maison de vacances ? Le nid de l'aigle
15%
Aucun quiz correspondant
Distribution des résultats
% des personnes avec chaque résultat
Percentile par nombre de réponses
Votre historique - résultats
Vous n’avez pas pris ce quiz depuis la dernière actualisation